000 00613nam a22002057a 4500
005 20140604133041.0
006
007
008 050118e200506uuja s|||||||| 2|eng|d
020 _a9280811118
082 0 0 _a504.03
245 1 0 _aReforming International Environmental Governance
250 _a1 st.ed.;
260 _aTokyo :
_bUnited Nations University Press
_c2005
300 _a234 f.:
_c23 cm,
500 _aIndex f.227-234
650 _aMjedisi,
700 1 _aW.Bradnee Chambers, Jessica F. Green.
942 _2udc
_cBK
999 _c478
_d478